| 000 | 00526nam a2200181Ia 4500 | ||
|---|---|---|---|
| 005 | 20250423094802.0 | ||
| 008 | 250422s9999 xx 000 0 und d | ||
| 020 | _a9780395925058 | ||
| 050 | _aPS 3525.A1772 .M33/ | ||
| 100 | _aMcCullers, Carson | ||
| 245 | 0 | _aCollected stories : including The member of the wedding and The ballad of the sad café | |
| 260 | _aBoston | ||
| 260 | _bHoughton Mifflin | ||
| 260 | _c1987 | ||
| 300 | _a394 p | ||
| 650 | _aSouthern States--Social life and customs--Fiction. | ||
| 942 | _cBK | ||
| 999 |
_c28290 _d28290 |
||